Quiz - Initiation à la préhistoire - Statistiques

Statistiques générales
  • Ce quiz a été pris 23 fois
  • Le résultat moyen est 5 sur 13
Statistiques - réponses
Hint Réponse % Correct
Période de la domestication & sédentarisation Néolithique
93%
3,3 millions d'années à 11 700 ans BP Paléolithique
87%
2,58 Ma à aujourd'hui Quaternaire
60%
252,2 Ma à 66 Ma Secondaire - Mésozoïque
53%
Période "médiane" Mésolithique
47%
538,8 à 252,2 Primaire - Paléozoïque
40%
11 700 ans BP à aujourd'hui Holocène
33%
2,58 Ma à 11 700 ans BP Pléistocène
33%
66 Ma à 2,58 Ma Tertiaire
33%
Paléolithique archaïque 3,3 Ma - 1,76 Ma
7%
Paléolithique inférieur 1,76 Ma - 350 000 ans
0%
Paléolithique moyen 350 000 ans - 45 000 ans
0%
Paléolithique supérieur 45 000 ans - 11 700 ans
0%
Aucun quiz correspondant
Distribution des résultats
% des personnes avec chaque résultat
Percentile par nombre de réponses
Votre historique - résultats
Vous n’avez pas pris ce quiz